000 00471nam a22001455i 4500
001 171754
003 ES-MaACL
005 20230906214724.0
008 090527s1930 ger |||| | deu d
100 1 _aSolger, Friedrich.
_9140387
245 1 4 _aDie Bedeutung der Technik für die Artentwicklung des Menschen /
_cVortrag des ... Friedrich Solger.
260 _aBerlin :
_b[s.n.],
_c1930.
300 _a22 p., 12 grab. ;
_c29 cm.
852 _aES-MaACL
_j1841-F-22
_9R.19220
999 _c171754
_d171754